000 00701nam a2200253 i 4500
001 C2-0147576
003 PPAK
005 20180727131259.0
008 980316s1981 enka|||| ||||| | eng d
020 _a0850453879
040 _aPPAK
_beng
_cPPAK
_erda
082 0 4 _a355.14
_223
090 0 0 _a355.14
_bJEW
_dR
100 1 _aJewell, Brian,
_eauthor
245 1 0 _aBritish battledress, 1937-61
264 1 _aLondon :
_bOsprey Ltd. ,
_c1981
300 _a40 pages :
_bcolour illustrations ;
_c25 cm
336 _2rdacontent
_atext
337 _2rdamedia
_aunmediated
338 _2rdacarrier
_avolume
490 1 _aMen-at-arms series (112)
830 0 _aMen-at-arms series (112)
942 _ddc
_cB
999 _c46636
_d46636